[Event "Sao Paulo Hebraica op 27th"]
[Site "Sao Paulo"]
[Date "2020.01.12"]
[Round "5"]
[White "Rocha, Anderson Rosendo"]
[Black "De Martino, Murilo Rocha Laragn"]
[Result "1-0"]
[WhiteElo "1666"]
[BlackElo "1391"]
[PlyCount "93"]
[EventDate "2020.01.10"]
[EventType "swiss"]
[EventRounds "6"]
[EventCountry "BRA"]
[SourceTitle "CBM 194 Extra"]
[Source "ChessBase"]
[SourceDate "2020.03.31"]
[SourceVersion "1"]
[SourceVersionDate "2020.03.31"]
[SourceQuality "1"]

1. e4 c5 2. d3 g6 3. Nf3 Bg7 4. g3 Nc6 5. Bg2 e6 6. 0-0 Nge7 7. Re1 0-0 8. Nbd2 d6 9. Nf1 Bd7 10. h3 a6 11. g4 b5 12. c3 Qc7 13. Qe2 a5 14. h4 b4 15. Bd2 bxc3 16. Bxc3 h6 17. Bxg7 Kxg7 18. e5 Nd5 19. Bh1 Nf4 20. Qe4 Nd5 21. N1d2 a4 22. Nc4 dxe5 23. Nfxe5 Rad8 24. g5 h5 25. a3 Nd4 26. Rac1 Qb8 27. Nxd7 Rxd7 28. Qe5+ Qxe5 29. Nxe5 Rb7 30. Rxc5 Rxb2 31. Bxd5 exd5 32. Rxd5 Nc2 33. Re2 Rb1+ 34. Kg2 Nxa3 35. Ra5 Nb5 36. Ra2 Re8 37. f4 f6 38. gxf6+ Kxf6 39. R2xa4 Kf5 40. Nc4 Kg4 41. Ne5+ Kxh4 42. Nxg6+ Kg4 43. Ne5+ Kf5 44. Nc4 Kg4 45. Ne5+ Kf5 46. Kf2 Rb2+ 47. Kf3 1-0

[Event "Sao Bernardo do Campo op"]
[Site "Sao Bernardo do Campo"]
[Date "2018.12.08"]
[Round "3"]
[White "De Martino, Murilo Rocha Laragn"]
[Black "Maraz, Ricardo"]
[Result "1-0"]
[WhiteElo "1338"]
[BlackElo "1651"]
[PlyCount "61"]
[EventDate "2018.12.07"]
[EventType "swiss"]
[EventRounds "5"]
[EventCountry "BRA"]
[SourceTitle "EXT 2021"]
[Source "ChessBase"]
[SourceDate "2020.10.23"]
[SourceVersion "1"]
[SourceVersionDate "2020.10.23"]
[SourceQuality "1"]

1. e4 e6 2. d4 d5 3. Nd2 Nf6 4. e5 Nfd7 5. Bd3 c5 6. c3 Nc6 7. Ne2 Qb6 8. Nf3 cxd4 9. cxd4 Bb4+ 10. Kf1 0-0 11. h4 f5 12. Rh3 Be7 13. h5 a5 14. a3 a4 15. Bc2 Qb5 16. Kg1 Qc4 17. Nf4 Nb6 18. Rg3 Bd7 19. Bd3 Qb3 20. Qe2 Nc4 21. Rb1 N6a5 22. Ng5 Qb6 23. Be3 Rac8 24. Ng6 hxg6 25. hxg6 Bxg5 26. Qh5 Bh6 27. Bxh6 Be8 28. Bxg7 Bxg6 29. Qxg6 Rf6 30. Bxf6+ Kf8 31. Qg8# 1-0

[Event "Sao Paulo ECP Etapa Sigismund Gansl"]
[Site "Sao Paulo"]
[Date "2018.05.19"]
[Round "4.15"]
[White "De Martino, Murilo Rocha Laragn"]
[Black "Funayama S A, Yuri"]
[Result "1-0"]
[WhiteElo "1302"]
[BlackElo "1488"]
[PlyCount "133"]
[EventDate "2018.05.18"]
[EventType "swiss"]
[EventRounds "6"]
[EventCountry "BRA"]
[SourceTitle "EXT 2022"]
[Source "ChessBase"]
[SourceDate "2021.10.06"]
[SourceVersion "1"]
[SourceVersionDate "2021.10.06"]
[SourceQuality "1"]

1. e4 c6 2. Nf3 d5 3. Nc3 Bg4 4. h3 Bh5 5. exd5 cxd5 6. Bb5+ Nc6 7. 0-0 Nf6 8. Re1 e6 9. d4 Qb6 10. g4 Bg6 11. Ne5 Bd6 12. Nxg6 hxg6 13. Kg2 0-0-0 14. Bxc6 Qxc6 15. Qf3 Rdf8 16. Bf4 Bxf4 17. Qxf4 Qb6 18. Rab1 Qc7 19. Qxc7+ Kxc7 20. Ne2 Rh4 21. Rbc1 Rfh8 22. Rh1 b5 23. f3 Kd6 24. b3 b4 25. c3 a5 26. cxb4 axb4 27. Ra1 Nh7 28. Kg3 Ng5 29. Nf4 R4h6 30. a3 bxa3 31. Rxa3 f5 32. Ra6+ Ke7 33. Ra7+ Kf6 34. b4 fxg4 35. fxg4 Ne4+ 36. Kg2 g5 37. Nd3 Nc3 38. Rf1+ Kg6 39. Ne5+ Kh7 40. Nf7 Nb5 41. Rb7 Nxd4 42. Nxh8 Kxh8 43. Rb8+ Kh7 44. b5 Ne2 45. b6 Nf4+ 46. Rxf4 gxf4 47. b7 e5 48. Rh8+ Kxh8 49. b8Q+ Kh7 50. Qxe5 f3+ 51. Kxf3 Rxh3+ 52. Kf4 Rh1 53. Qxd5 Rf1+ 54. Kg5 Rf6 55. Qe4+ Kh8 56. Kh4 Rh6+ 57. Kg3 Ra6 58. g5 Ra1 59. Qe6 Ra3+ 60. Kg4 Ra8 61. Kf5 Kh7 62. Kg4 Rf8 63. Kh5 g6+ 64. Qxg6+ Kh8 65. Kh6 Rf7 66. Qe4 Rd7 67. Qe8# 1-0

[Event "Sao Paulo ECP Etapa Sigismund Gansl"]
[Site "Sao Paulo"]
[Date "2018.05.18"]
[Round "2.16"]
[White "De Martino, Murilo Rocha Laragn"]
[Black "Seccafim, Caic Dos Santos"]
[Result "0-1"]
[WhiteElo "1302"]
[BlackElo "1685"]
[PlyCount "94"]
[EventDate "2018.05.18"]
[EventType "swiss"]
[EventRounds "6"]
[EventCountry "BRA"]
[SourceTitle "EXT 2022"]
[Source "ChessBase"]
[SourceDate "2021.10.06"]
[SourceVersion "1"]
[SourceVersionDate "2021.10.06"]
[SourceQuality "1"]

1. e4 e6 2. d4 d5 3. Nd2 Nc6 4. c3 e5 5. exd5 Qxd5 6. dxe5 Nxe5 7. Ngf3 Bg4 8. Be2 Bxf3 9. Nxf3 Qxd1+ 10. Bxd1 Nd3+ 11. Kf1 Bc5 12. Be3 Bxe3 13. fxe3 Nxb2 14. Bb3 Nd3 15. Bc4 Nc5 16. Ne5 Ne6 17. Rd1 Nf6 18. h4 0-0 19. Ke2 Ne4 20. Kf3 Nxc3 21. Rd7 Rad8 22. Rxd8 Rxd8 23. g4 b5 24. Bxe6 fxe6 25. Nc6 Rf8+ 26. Kg2 a6 27. Rc1 Nd5 28. e4 Nf4+ 29. Kh2 Nd3 30. Ne7+ Kf7 31. Rxc7 Kf6 32. Nc6 h6 33. g5+ hxg5 34. hxg5+ Kg6 35. Kg3 Rf7 36. Rxf7 Kxf7 37. Kg4 g6 38. Nb8 a5 39. Nc6 a4 40. a3 Ke8 41. Nd4 b4 42. axb4 Nxb4 43. Kf4 Ke7 44. Ke3 Kd6 45. Nb5+ Kc5 46. Na3 Nc6 47. Kd3 Ne5+ 0-1

[Event "Sao Paulo Karman Cup 13th"]
[Site "Sao Paulo"]
[Date "2017.11.26"]
[Round "6"]
[White "Borger, Daniel"]
[Black "De Martino, Murilo Rocha Laragn"]
[Result "1-0"]
[WhiteElo "1684"]
[BlackElo "1307"]
[PlyCount "57"]
[EventDate "2017.11.24"]
[EventType "swiss"]
[EventRounds "6"]
[EventCountry "BRA"]
[SourceTitle "CBM 181 Extra"]
[Source "ChessBase"]
[SourceDate "2017.12.12"]
[SourceVersion "1"]
[SourceVersionDate "2017.12.12"]
[SourceQuality "1"]

1. e4 e5 2. Nf3 Nf6 3. Nxe5 d6 4. Nf3 Nxe4 5. Qe2 Qe7 6. d3 Nf6 7. Bg5 Qxe2+ 8. Bxe2 Be7 9. Nc3 0-0 10. 0-0-0 Re8 11. Rhe1 Nc6 12. d4 Bd7 13. Nb5 Rac8 14. d5 Nxd5 15. Rxd5 Be6 16. Rdd1 Bxg5+ 17. Nxg5 Bxa2 18. b3 h6 19. Nf3 a6 20. Nc3 Nb4 21. Kb2 Bxb3 22. Kxb3 a5 23. Bc4 Kf8 24. Rxe8+ Rxe8 25. Re1 b6 26. Rxe8+ Kxe8 27. Nd5 Kd7 28. Nxb4 axb4 29. Kxb4 1-0

[Event "Sao Paulo Karman Cup 13th"]
[Site "Sao Paulo"]
[Date "2017.11.25"]
[Round "4"]
[White "De Martino, Murilo Rocha Laragn"]
[Black "Itagyba, Renan Fortes"]
[Result "0-1"]
[WhiteElo "1307"]
[BlackElo "1704"]
[PlyCount "60"]
[EventDate "2017.11.24"]
[EventType "swiss"]
[EventRounds "6"]
[EventCountry "BRA"]
[SourceTitle "CBM 181 Extra"]
[Source "ChessBase"]
[SourceDate "2017.12.12"]
[SourceVersion "1"]
[SourceVersionDate "2017.12.12"]
[SourceQuality "1"]

1. e4 c5 2. Nf3 Nc6 3. Bb5 g6 4. 0-0 Bg7 5. c3 a6 6. Bxc6 dxc6 7. h3 Nf6 8. d3 0-0 9. Re1 Qc7 10. e5 Nd5 11. Be3 Nxe3 12. Rxe3 Rd8 13. Na3 Bf5 14. d4 Rd5 15. Nc2 cxd4 16. cxd4 c5 17. Rc1 Bxc2 18. Rxc2 Rad8 19. Qe2 e6 20. Rxc5 Rxc5 21. dxc5 Qxc5 22. Rc3 Qd5 23. Rc7 b5 24. Ra7 Qxa2 25. Qxb5 Qb1+ 26. Qf1 Rd1 27. Qxd1 Qxd1+ 28. Kh2 Qd5 29. Rxa6 Bxe5+ 30. Kg1 Bxb2 0-1